Statistiques concernant Quiz sur les Fidji

Cliquez ici pour prendre le quiz!

Statistiques générales

  • Ce quiz a été pris 1 643 fois
  • Le résultat moyen est 10 sur 18

Statistiques - réponses

QuestionRéponse% Correct
Langues officiellesAnglais
96%
Pays qui a colonisé les îles Fidji entre 1874 et 1987Royaume-Uni
91%
Pays situé à environ 2000 kilomètres au sud des FidjiNouvelle-Zélande
83%
Devise monétaireDollar
78%
Sport le plus populaireRugby
76%
Type de prise de pouvoir qui s'est produite aux Fidji en 1987, en 2000 et en 2007Coup d'État
74%
Pratique barbare qui effrayait autrefois les touristes européens,
bien qu'on ne soit pas sûr qu'elle ait eu cours aux Fidji
Cannibalisme
68%
Capitale nationaleSuva
68%
Langues officiellesFidjien
56%
Avant la Première Guerre mondiale, 60 000 travailleurs
venant de ce pays ont été envoyés aux îles Fidji
Inde
54%
Région d'Océanie dans laquelle les îles Fidji se situent{Méla}nésie
50%
Principal produit agricoleCanne à sucre
38%
Deuxième plus grande île{Vanua} Levu
27%
Langues officielles{Hindi} des Fidji
23%
Explorateur néerlandais qui fut le premier européen à voir les Fidji en 1643Abel Tasman
21%
Plus grande île, où se concentre la plupart de la population du pays{Viti} Levu
18%
Branche du protestantisme à laquelle 35% des fidjiens appartientM{éthodisme}
16%
Ville avec le plus de touristes, où l'on trouve notamment l'aéroport des FidjiNadi
15%

Distribution des résultats

Percentile par nombre de réponses

% des personnes avec chaque résultat

Votre développement - résultats

Vous n’avez pas pris ce quiz